Historia de la Filosofía del Derecho y del Estado: de los orígenes a la Baja Edad Media

Tallennettuna:
Bibliografiset tiedot
Päätekijä: Truyol y Serra, Antonio (Tekijä)
Aineistotyyppi: Kirja
Kieli:espanja
Julkaistu: Madrid Revista de Occidentes S. A 1970
Painos:4a. ed
Aiheet:
Tagit: Lisää tagi
Ei tageja, Lisää ensimmäinen tagi!

MARC

LEADER 00000cam a2200000 a 4500
001 UCD2923
003 CL-VaPUC
008 160520e19700000sp |||||||||||||||||spa|d
082 0 4 |a 340.1  |b TRU  |2 21 
100 0 |a Truyol y Serra, Antonio  |e author  |9 586326 
245 1 0 |a Historia de la Filosofía del Derecho y del Estado: de los orígenes a la Baja Edad Media 
250 |a 4a. ed 
300 |a 423 p 
942 |c BK 
945 |d 20160520 11:34:00  |a dcastane 
260 |a Madrid  |b Revista de Occidentes S. A  |c 1970 
650 0 |a Filosofía del derecho   |9 255050 
650 0 |a Historia del derecho  |9 255109 
583 |a last modification  |c 20160715 09:10:20  |k Rodrigo Vera 
999 |c 364032  |d 364030 
952 |0 0  |1 0  |3 erb  |4 0  |6 340_100000000000000_TRU_1970  |7 0  |8 A  |9 476942  |a FDOHBE  |b FDOHBE  |e Huesbe Llanos, Marco Antonio, 1934-  |i 5304075  |o 340.1 TRU 1970  |p 5304075  |r 2024-01-30  |w 2019-11-24  |y BK  |z Catalogado en:20160520  |k HBE